APEC Schools

Living with obesity / (Record no. 208)

000 -LEADER
fixed length control field 01494cam a2200349 a 4500
005 - DATE AND TIME OF LATEST TRANSACTION
control field 20171002051409.0
008 - FIXED-LENGTH DATA ELEMENTS--GENERAL INFORMATION
fixed length control field 081024s2009 nyu d b 001 0 eng
020 ## - IDENTIFIER FOR THE MANIFESTATION
Identifier for the Manifestation 9780816075904 (hardcover : alk. paper)
Binding hardback
040 ## - CATALOGING SOURCE
Transcribing Agency APEC Schools Library
Language of Cataloging eng
Description Conventions rda
082 00 - DEWEY DECIMAL CLASSIFICATION NUMBER
Classification number C 616.39800835
Author's Number St463l 2009
100 1# - CREATOR
Preferred Name of the Person Stettler, Nicolas.
Title/Other Designation Associated/Field of Activity/Profession of the Person Assistant Professor
Address/Affiliation of the Person Children's Hospital of Philadelphia
245 10 - TITLE AND STATEMENT OF RESPONSIBILITY
Preferred Title Proper Living with obesity /
Statement of Responsibility/Parallel Statement of Responsibility Nicolas Stettler ; with Susan Shelly.
264 ## - PUBLICATION STATEMENT
Place of publication, distribution, etc New York, NY :
Publisher's Name/Parallel Publisher's Name Facts on File,
Copyright ©2009
Date of Publication [2009]
300 ## - PHYSICAL DESCRIPTION
Extent vi, 154 pages ;
Dimensions 24 cm
336 ## - RDA CONTENT
Source rdacontent
Content Type text
337 ## - RDA MEDIA
Source rdamedia
Media Type unmediated
338 ## - RDA CARRIER
Source rdacarrier
Carrier Type volume
490 1# - SERIES STATEMENT
Title Proper of Series Teen's guides
504 ## - BIBLIOGRAPHY, ETC. NOTE
Bibliography, etc Includes bibliographical references and index.
520 ## - SUMMARIZATION OF THE CONTENT
Summarization of the Content A guide for teens that explains obesity, the causes, symptoms and related illnesses, as well as how to cope with it and maintain a healthy lifestyle.
520 ## - SUMMARIZATION OF THE CONTENT
Summarization of the Content "A guide for teens that explains obesity, the causes, symptoms and related illnesses, as well as how to cope with it and maintain a healthy lifestyle.
More than 9 million young people between the ages of 6 and 19 - comprising nearly 17 per cent of the population - are considered overweight or obese, according to the Centers for Disease Control and Prevention. Written in clear, straightforward language, "Living with Obesity" provides teens with the information they need to understand obesity and its treatments. This practical new guide discusses changing behaviors in order to achieve a healthy lifestyle, long-term approaches for achieving and maintaining weight, strategies for dealing with obesity in daily life, paying for care, and more. Loaded with helpful sidebars, a glossary, index, and appendixes, this resource is a must-have guide for teens struggling with their weight."--
650 #0 - ADDED SUBJECT ACCESS POINT - TOPICAL TERM
Topical Term Obesity in adolescence
Form Subdivision Juvenile literature.
650 #0 - ADDED SUBJECT ACCESS POINT - TOPICAL TERM
Topical Term Obesity
Form Subdivision Juvenile literature.
678 ## - CREATOR BIOGRAPHICAL INFORMATION
Biographical Information Nicolas Stettler, M.D., M.S.C.E., is assistant professor of pediatric epidemiology at the Children's Hospital of Philadelphia specializing in gastroenterology, hepatology, and nutrition. A graduate of Lausanne University Medical School in Switzerland, Stettler holds an M.S. in clinical epidemiology from the University of Pennsylvania. He is board-certified in pediatrics and nutrition.
678 ## - CREATOR BIOGRAPHICAL INFORMATION
Biographical Information Susan Shelly is a writer and researcher based in Shillington, Pennsylvania. She is a coauthor of The Encyclopedia of Blindness and Vision impearment Second Edition in the Facts On File Library of Health and Living series.
700 1# - ADDED AUTHORIZED ACCESS POINT - PERSONAL NAME
Preferred Name of the Person Shelly, Susan.
Title of the Person/Other Designation Associated/Field of Activity/Profession Writer
830 #0 - SERIES ADDED ENTRY--UNIFORM TITLE
Uniform title Teen's guides.
942 ## - ADDED ENTRY ELEMENTS (KOHA)
Source of Classification
Koha Item Type Books
Holdings
Library Site Location Shelving Location Source of Acquisition Full Classification Number Accession Number Koha Item Type
APEC Calumpang Library APEC Chain of Schools Library Circulation Institutional Fund C 616.39800835 St463l 2009 B10-0000389 Non Fiction
APEC Grace Park West Library APEC Grace Park West Library Circulation Institutional Fund C 616.39800835 St463l 2009 A09-0000018 Non Fiction

Powered by Koha